[Event "ZI-2012-0-01289"]
[Site "LSS email"]
[Date "2012.04.21"]
[Round "?"]
[White "Zakaria, Ahmed Ashraf"]
[Black "Khan, Valery"]
[Result "0-1"]
[WhiteElo "1470"]
[BlackElo "1911"]
[PlyCount "104"]
[EventDate "2012.04.14"]
[EventType "match (corr)"]
[EventRounds "2"]
[EventCountry "GER"]
[SourceTitle "Telechess CBM 153"]
[Source "ChessBase"]
[SourceDate "2013.03.14"]
[SourceVersion "1"]
[SourceVersionDate "2013.03.14"]
[SourceQuality "1"]

1. d4 Nf6 2. c4 e6 3. Nc3 Bb4 4. e3 0-0 5. Bd3 c5 6. Nf3 b6 7. 0-0 Bb7 8. Bd2 cxd4 9. exd4 d5 10. cxd5 Nxd5 11. a3 Nxc3 12. bxc3 Bd6 13. Re1 Nd7 14. c4 Qc7 15. a4 a5 16. Rb1 Rfd8 17. h3 h6 18. Bc3 Rac8 19. Ba1 Ba6 20. Rc1 Bb7 21. Rb1 Ba6 22. Re2 Be7 23. Rc1 Bb7 24. Re3 Ba8 25. Qc2 Bd6 26. g3 Nf6 27. Bb2 Qb7 28. Qb3 Bb4 29. Qd1 Rc7 30. Kh2 Qc8 31. Qe2 Nh7 32. Ne5 Nf6 33. Rf1 Re7 34. f4 Rde8 35. Bc2 Nd7 36. Qd3 Nf8 37. Qe2 Rc7 38. Bd3 f6 39. Nf3 Bc6 40. Ra1 Qd7 41. Bc2 Rec8 42. Bb3 Bb7 43. Nh4 Ba6 44. Rc1 Kh8 45. Qd3 Qf7 46. f5 exf5 47. Nxf5 Bxc4 48. Rxc4 Rxc4 49. Re2 Qc7 50. Qf3 Qd7 51. Bxc4 Rxc4 52. d5 Nh7 0-1

[Event "LSS No Engine Cup 59 Preliminary 5"]
[Site "LSS email"]
[Date "2012.02.06"]
[Round "?"]
[White "Zakaria, Ahmed Ashraf"]
[Black "Martindale, Roger"]
[Result "1-0"]
[WhiteElo "1483"]
[BlackElo "727"]
[PlyCount "45"]
[EventDate "2012.02.07"]
[EventType "tourn (corr)"]
[EventRounds "6"]
[EventCountry "GER"]
[SourceTitle "Corr 2015"]
[Source "ChessBase"]
[SourceDate "2015.07.17"]
[SourceVersion "1"]
[SourceVersionDate "2015.07.17"]
[SourceQuality "1"]

1. e4 e5 2. Nf3 d6 3. Bc4 h6 4. d4 Bd7 5. dxe5 Nc6 6. exd6 Bxd6 7. 0-0 a6 8. e5 Nxe5 9. Re1 Be6 10. Bxe6 fxe6 11. Nxe5 Ne7 12. Qh5+ g6 13. Nxg6 Nxg6 14. Qxg6+ Kd7 15. Qxe6+ Kc6 16. Nc3 Qh4 17. g3 Rhg8 18. Re4 Rge8 19. Qc4+ Bc5 20. Qd5+ Kb6 21. Na4+ Ka7 22. Qxc5+ b6 23. Qxc7# 1-0

[Event "ZL-2011-0-01042"]
[Site "LSS email"]
[Date "2011.12.19"]
[Round "?"]
[White "Schoenbuchner, Gerhard"]
[Black "Zakaria, Ahmed Ashraf"]
[Result "0-1"]
[WhiteElo "971"]
[BlackElo "1450"]
[PlyCount "28"]
[EventDate "2011.12.09"]
[EventType "match (corr)"]
[EventRounds "2"]
[EventCountry "GER"]
[SourceTitle "Corr 2015"]
[Source "ChessBase"]
[SourceDate "2015.07.17"]
[SourceVersion "1"]
[SourceVersionDate "2015.07.17"]
[SourceQuality "1"]

1. e4 c5 2. Nc3 d6 3. d3 Nf6 4. Bg5 Nc6 5. Qd2 g6 6. 0-0-0 Bg7 7. g3 0-0 8. h4 Qa5 9. Kb1 Ng4 10. Bh3 Bxc3 11. bxc3 b5 12. h5 Be6 13. hxg6 Qxa2+ 14. Kc1 Qa1# 0-1

[Event "LSS No Engine Cup 52 Preliminary 2"]
[Site "LSS email"]
[Date "2011.10.18"]
[Round "?"]
[White "Bezzina, Reno"]
[Black "Zakaria, Ahmed Ashraf"]
[Result "0-1"]
[WhiteElo "1289"]
[BlackElo "1450"]
[PlyCount "104"]
[EventDate "2011.10.19"]
[EventType "tourn (corr)"]
[EventRounds "6"]
[EventCountry "GER"]
[SourceTitle "Telechess CBM 157"]
[Source "ChessBase"]
[SourceDate "2013.11.12"]
[SourceVersion "1"]
[SourceVersionDate "2013.11.12"]
[SourceQuality "1"]

1. e4 e5 2. Nf3 Nc6 3. Bc4 Bc5 4. c3 Nf6 5. d3 d6 6. Nbd2 0-0 7. 0-0 a6 8. Bb3 Ba7 9. Re1 Bg4 10. a3 Re8 11. Ba2 b5 12. b4 a5 13. h3 Bd7 14. Ng5 Rf8 15. Nf1 h6 16. Nxf7 Rxf7 17. Bxf7+ Kxf7 18. Nh2 axb4 19. cxb4 Bd4 20. Rb1 Bb6 21. Nf3 Kf8 22. Qb3 Qb8 23. Be3 Qa7 24. Ra1 Nh5 25. Qd5 Ke7 26. Kh2 g5 27. Qxb5 Nd4 28. Qc4 Nxf3+ 29. gxf3 Rf8 30. Kg2 Nf4+ 31. Bxf4 Rxf4 32. Qg8 Bxf2 33. Re2 Bh4 34. Qc4 h5 35. Rf1 c6 36. Qc1 Qa6 37. Rh1 g4 38. hxg4 hxg4 39. Rf1 Qxd3 40. Re3 Qd4 41. Kh2 gxf3 42. Rexf3 Rxe4 43. Qd1 Qxd1 44. Rxd1 Bg4 45. Rdf1 Re2+ 46. Kg1 Bxf3 47. Rxf3 d5 48. Rh3 Bg5 49. Rb3 Be3+ 50. Kf1 Rf2+ 51. Ke1 d4 52. a4 e4 0-1

[Event "LSS No Engine Cup 52 Preliminary 2"]
[Site "LSS email"]
[Date "2011.10.18"]
[Round "?"]
[White "Zakaria, Ahmed Ashraf"]
[Black "Stadler, Pavel"]
[Result "1-0"]
[WhiteElo "1450"]
[BlackElo "1261"]
[PlyCount "63"]
[EventDate "2011.10.19"]
[EventType "tourn (corr)"]
[EventRounds "6"]
[EventCountry "GER"]
[SourceTitle "Telechess CBM 157"]
[Source "ChessBase"]
[SourceDate "2013.11.12"]
[SourceVersion "1"]
[SourceVersionDate "2013.11.12"]
[SourceQuality "1"]

1. d4 Nf6 2. c4 e6 3. Nf3 b6 4. Nc3 Bb7 5. a3 d5 6. cxd5 exd5 7. Qa4+ c6 8. Bg5 Be7 9. g3 Nbd7 10. Bh3 h6 11. Be3 0-0 12. 0-0 g5 13. Bf5 Nh5 14. Nxd5 Ng7 15. Nxe7+ Qxe7 16. Bb1 c5 17. Qc2 f5 18. Rd1 Bxf3 19. exf3 Rac8 20. dxc5 Nxc5 21. Ba2+ Kh8 22. Bd4 Nce6 23. Bc3 Kh7 24. Re1 Rc7 25. Rad1 Qf7 26. Qb3 Qg6 27. Rd6 Re8 28. Qd1 Rce7 29. Bxg7 Kxg7 30. Bxe6 Rxe6 31. Rdxe6 Rxe6 32. Qd7+ 1-0

[Event "LSS No Engine Cup 49 Preliminary 7"]
[Site "LSS email"]
[Date "2011.08.26"]
[Round "?"]
[White "Stadler, Pavel"]
[Black "Zakaria, Ahmed Ashraf"]
[Result "0-1"]
[WhiteElo "1368"]
[BlackElo "1376"]
[PlyCount "62"]
[EventDate "2011.08.27"]
[EventType "tourn (corr)"]
[EventRounds "6"]
[EventCountry "GER"]
[SourceTitle "Telechess CBM 149"]
[Source "ChessBase"]
[SourceDate "2012.07.17"]
[SourceVersion "1"]
[SourceVersionDate "2012.07.17"]
[SourceQuality "1"]

1. e4 e5 2. Nf3 Nc6 3. d4 exd4 4. Nxd4 Bc5 5. Be3 Qf6 6. c3 Nge7 7. g3 d6 8. Bg2 0-0 9. 0-0 Ne5 10. Nd2 N7c6 11. N2b3 Bb6 12. Qe2 Bg4 13. f3 Bd7 14. Rad1 Nxd4 15. cxd4 Nc6 16. a3 h5 17. Qd2 h4 18. Bg5 Qe6 19. Qd3 Ne5 20. Qc3 h3 21. Bh1 Ba4 22. Nc1 Bxd1 23. Rxd1 Qc4 24. Kf2 Qb5 25. Be3 Nc4 26. b4 Nxe3 27. Kxe3 c5 28. Ne2 cxd4+ 29. Nxd4 Rac8 30. Qd3 Rc4 31. Qb3 Rfc8 0-1

[Event "LSS No Engine Cup 49 Preliminary 7"]
[Site "LSS email"]
[Date "2011.08.26"]
[Round "?"]
[White "Zakaria, Ahmed Ashraf"]
[Black "Jenneborg, Seved"]
[Result "1/2-1/2"]
[WhiteElo "1376"]
[BlackElo "1680"]
[PlyCount "87"]
[EventDate "2011.08.27"]
[EventType "tourn (corr)"]
[EventRounds "6"]
[EventCountry "GER"]
[SourceTitle "Telechess CBM 149"]
[Source "ChessBase"]
[SourceDate "2012.07.17"]
[SourceVersion "1"]
[SourceVersionDate "2012.07.17"]
[SourceQuality "1"]

1. e4 c5 2. Nf3 e6 3. d4 cxd4 4. Nxd4 a6 5. Bc4 Nf6 6. Nc3 Bb4 7. 0-0 Bxc3 8. bxc3 Nxe4 9. Qg4 0-0 10. Qxe4 d5 11. Bxd5 exd5 12. Qd3 Re8 13. Bf4 Nc6 14. Rfe1 Be6 15. Rab1 Qd7 16. Rb6 Bf5 17. Rxe8+ Rxe8 18. Qd2 Nxd4 19. cxd4 Bxc2 20. f3 Ba4 21. Rb1 Bb5 22. Re1 Rxe1+ 23. Qxe1 Qf5 24. Bd6 h6 25. h3 b6 26. a3 Qd3 27. Qe5 Qb1+ 28. Kh2 Qa2 29. Qf5 Qc4 30. Bc5 bxc5 31. Qc8+ Be8 32. Qxe8+ Kh7 33. dxc5 Qxc5 34. Qxf7 d4 35. Qe6 a5 36. f4 Qf8 37. Qe4+ Kh8 38. Qxd4 Qxa3 39. f5 Qf8 40. Qd7 Qb8+ 41. Kg1 Kh7 42. Qe6 Qb5 43. Qe4 Qb4 44. Qe6 1/2-1/2

[Event "ZL-2011-0-00955"]
[Site "LSS email"]
[Date "2011.07.13"]
[Round "?"]
[White "Testa, Italo"]
[Black "Zakaria, Ahmed Ashraf"]
[Result "0-1"]
[WhiteElo "938"]
[BlackElo "1163"]
[PlyCount "46"]
[EventDate "2011.07.06"]
[EventType "match (corr)"]
[EventRounds "2"]
[EventCountry "GER"]
[SourceTitle "Telechess CBM 151"]
[Source "ChessBase"]
[SourceDate "2012.11.13"]
[SourceVersion "1"]
[SourceVersionDate "2012.11.13"]
[SourceQuality "1"]

1. g3 d5 2. Bg2 Nf6 3. b3 c5 4. Bb2 Nc6 5. Nf3 e6 6. 0-0 Be7 7. d4 0-0 8. c3 Bd7 9. Ne5 Qb6 10. Nxc6 Bxc6 11. e3 cxd4 12. cxd4 Rac8 13. Nd2 Bb5 14. Re1 Rc7 15. Rc1 Rfc8 16. Rxc7 Rxc7 17. Nf3 Bb4 18. Nd2 Qa5 19. a4 Bxd2 20. axb5 Bxe1 21. Qd3 Qd2 22. Qxd2 Bxd2 23. Kf1 Bc1 0-1

[Event "ZL-2011-0-00953"]
[Site "LSS email"]
[Date "2011.07.10"]
[Round "?"]
[White "Molano Lafuente, Ismael"]
[Black "Zakaria, Ahmed Ashraf"]
[Result "1-0"]
[WhiteElo "1403"]
[BlackElo "1335"]
[PlyCount "75"]
[EventDate "2011.07.04"]
[EventType "match (corr)"]
[EventRounds "2"]
[EventCountry "GER"]
[SourceTitle "Telechess CBM 149"]
[Source "ChessBase"]
[SourceDate "2012.07.17"]
[SourceVersion "1"]
[SourceVersionDate "2012.07.17"]
[SourceQuality "1"]

1. e4 e5 2. Nf3 Nf6 3. d4 Nxe4 4. Bd3 d5 5. Nxe5 Nd7 6. Nxd7 Bxd7 7. 0-0 Bd6 8. c4 c6 9. cxd5 cxd5 10. Qh5 Nf6 11. Re1+ Be6 12. Rxe6+ Kf8 13. Rxf6 Qxf6 14. Be3 Bf4 15. Nc3 Qh6 16. Qxh6 Bxh6 17. Bxh6 gxh6 18. Nxd5 Rd8 19. Be4 Rg8 20. Nf6 Rh8 21. Rd1 Rd6 22. Ng4 Kg7 23. Ne3 Ra6 24. a3 Re8 25. Bf3 Rb6 26. b4 Rc8 27. d5 Ra6 28. d6 Rxa3 29. Bxb7 Rd8 30. b5 Rc3 31. Nf5+ Kf6 32. Ne7 Rxd6 33. Rxd6+ Kxe7 34. Rd1 Rc5 35. Ba6 h5 36. h4 h6 37. g3 Kf8 38. Rd7 1-0

[Event "ZL-2011-0-00950"]
[Site "LSS email"]
[Date "2011.07.06"]
[Round "?"]
[White "Molano Lafuente, Ismael"]
[Black "Zakaria, Ahmed Ashraf"]
[Result "0-1"]
[WhiteElo "1403"]
[BlackElo "1335"]
[PlyCount "86"]
[EventDate "2011.06.23"]
[EventType "match (corr)"]
[EventRounds "2"]
[EventCountry "GER"]
[SourceTitle "Telechess CBM 149"]
[Source "ChessBase"]
[SourceDate "2012.07.17"]
[SourceVersion "1"]
[SourceVersionDate "2012.07.17"]
[SourceQuality "1"]

1. e4 e5 2. Nf3 Nc6 3. Bb5 a6 4. Ba4 Nf6 5. 0-0 b5 6. Bb3 d6 7. c3 Be7 8. h3 0-0 9. d4 Na5 10. Bc2 c5 11. d5 Bd7 12. Nbd2 Rb8 13. b3 Qc7 14. Re1 g6 15. a3 Nb7 16. Nf1 Nh5 17. Bh6 Rfe8 18. Qd2 Bf8 19. Be3 Na5 20. Rab1 c4 21. b4 Nb7 22. Ra1 Bg7 23. a4 a5 24. axb5 Bxb5 25. Reb1 axb4 26. Rxb4 Na5 27. Rab1 Nb3 28. Bxb3 cxb3 29. R1xb3 Ba4 30. Rb2 Rxb4 31. Rxb4 Bd7 32. Bb6 Qc8 33. c4 f5 34. exf5 gxf5 35. Be3 f4 36. Ba7 Nf6 37. Bb6 Re7 38. Qe2 Bh6 39. Kh2 Rg7 40. N3d2 Bf5 41. Nf3 Rxg2+ 42. Kxg2 Bxh3+ 43. Kh1 Qg4 0-1

[Event "ZL-2011-0-00950"]
[Site "LSS email"]
[Date "2011.07.06"]
[Round "?"]
[White "Zakaria, Ahmed Ashraf"]
[Black "Molano Lafuente, Ismael"]
[Result "1-0"]
[WhiteElo "1335"]
[BlackElo "1403"]
[PlyCount "107"]
[EventDate "2011.06.23"]
[EventType "match (corr)"]
[EventRounds "2"]
[EventCountry "GER"]
[SourceTitle "Telechess CBM 149"]
[Source "ChessBase"]
[SourceDate "2012.07.17"]
[SourceVersion "1"]
[SourceVersionDate "2012.07.17"]
[SourceQuality "1"]

1. e4 c5 2. Nf3 Nc6 3. d4 cxd4 4. Nxd4 Nf6 5. Nc3 e5 6. Ndb5 h6 7. Bc4 a6 8. Nd6+ Bxd6 9. Qxd6 Qe7 10. Qxe7+ Nxe7 11. f4 d6 12. fxe5 dxe5 13. Be3 b5 14. Bd3 Bb7 15. 0-0 b4 16. Na4 Bxe4 17. Bxe4 Nxe4 18. Nb6 Rd8 19. a3 b3 20. cxb3 Rd3 21. Nc4 Rxb3 22. Rae1 f5 23. Bc1 Rb5 24. g4 g6 25. b4 Kd7 26. a4 Rxb4 27. Nxe5+ Ke6 28. Nxg6 Nxg6 29. gxf5+ Kd5 30. fxg6 Rg8 31. Rf5+ Ke6 32. Rh5 Rxg6+ 33. Kf1 Rxa4 34. Bxh6 Kd7 35. Rd1+ Ke7 36. Be3 Ra2 37. Rh4 Rf6+ 38. Kg1 Nc3 39. Rd2 Ra1+ 40. Kg2 Rg6+ 41. Kh3 a5 42. Rc4 Nb5 43. Re4+ Kf7 44. Rd7+ Kf6 45. Rd5 Rb1 46. Ree5 Nc7 47. Rxa5 Rb3 48. Kh4 Rg2 49. Bf4 Rb4 50. Kh3 Rc2 51. Rf5+ Kg6 52. Rg5+ Kh7 53. Rg4 Nb5 54. Ra6 1-0

[Event "ZN-2011-0-01526"]
[Site "LSS email"]
[Date "2011.05.27"]
[Round "?"]
[White "Brumec, Fredi"]
[Black "Zakaria, Ahmed Ashraf"]
[Result "0-1"]
[WhiteElo "1018"]
[BlackElo "1107"]
[PlyCount "86"]
[EventDate "2011.05.26"]
[EventType "match (corr)"]
[EventRounds "2"]
[EventCountry "GER"]
[SourceTitle "Telechess CBM 145"]
[Source "Chessbase"]
[SourceDate "2011.11.11"]
[SourceVersion "1"]
[SourceVersionDate "2011.11.11"]
[SourceQuality "1"]

1. e4 c5 2. Nc3 d6 3. a3 Nf6 4. Bc4 e6 5. d3 a6 6. Bg5 Nbd7 7. Nf3 Be7 8. h3 0-0 9. 0-0 h6 10. Bh4 b5 11. Ba2 Bb7 12. Nh2 Rc8 13. f4 c4 14. Bxf6 Nxf6 15. Ng4 Qb6+ 16. Kh1 Nxg4 17. Qxg4 Bf6 18. Rac1 Bxc3 19. bxc3 Qa5 20. dxc4 Bxe4 21. cxb5 Rxc3 22. Bb3 Qxb5 23. a4 Qc6 24. Rf2 d5 25. Kh2 Rb8 26. Rd1 Bf5 27. Qe2 Rb4 28. Rd2 d4 29. Qe5 d3 30. Qa5 Rb8 31. Qe5 Rc8 32. Bxe6 fxe6 33. cxd3 Rd8 34. d4 Rd5 35. Qb8+ Kh7 36. Qb4 Rc4 37. Qb2 Qxa4 38. g4 Be4 39. Rfe2 Rcxd4 40. Rxd4 Rxd4 41. Rf2 Qd1 42. Kg3 Rd3+ 43. Kh4 Qg1 0-1

[Event "ZN-2011-0-01526"]
[Site "LSS email"]
[Date "2011.05.27"]
[Round "?"]
[White "Zakaria, Ahmed Ashraf"]
[Black "Brumec, Fredi"]
[Result "1-0"]
[WhiteElo "1107"]
[BlackElo "1018"]
[PlyCount "67"]
[EventDate "2011.05.26"]
[EventType "match (corr)"]
[EventRounds "2"]
[EventCountry "GER"]
[SourceTitle "Telechess CBM 145"]
[Source "Chessbase"]
[SourceDate "2011.11.11"]
[SourceVersion "1"]
[SourceVersionDate "2011.11.11"]
[SourceQuality "1"]

1. e4 d6 2. d4 h6 3. Nf3 Bg4 4. Nbd2 Nd7 5. Bd3 e5 6. c3 Ngf6 7. h3 Bxf3 8. Nxf3 Be7 9. 0-0 0-0 10. Re1 Nh7 11. Qb3 b6 12. Bd2 c5 13. Rad1 Ng5 14. Bxg5 Bxg5 15. Bb5 exd4 16. cxd4 cxd4 17. Nxd4 Nc5 18. Qf3 Qe7 19. Nf5 Qe5 20. Bc4 Rad8 21. h4 Bf6 22. Re2 Nb7 23. Red2 Kh7 24. g3 g6 25. Nd4 Nc5 26. Nc6 Qxe4 27. Qxf6 Qxc6 28. Bxf7 Qe4 29. Rxd6 Rxd6 30. Rxd6 Qg4 31. Bxg6+ Kg8 32. Bf7+ Rxf7 33. Rd8+ Rf8 34. Rxf8+ 1-0

[Event "ZN-2011-0-01524"]
[Site "LSS email"]
[Date "2011.05.27"]
[Round "?"]
[White "Zakaria, Ahmed Ashraf"]
[Black "Lykhomano, Romano"]
[Result "1-0"]
[WhiteElo "1107"]
[BlackElo "1118"]
[PlyCount "49"]
[EventDate "2011.05.25"]
[EventType "match (corr)"]
[EventRounds "2"]
[EventCountry "GER"]
[SourceTitle "Telechess CBM 145"]
[Source "Chessbase"]
[SourceDate "2011.11.11"]
[SourceVersion "1"]
[SourceVersionDate "2011.11.11"]
[SourceQuality "1"]

1. e4 c6 2. d4 d5 3. exd5 cxd5 4. c4 Nf6 5. Nc3 e6 6. Nf3 Be7 7. Be2 0-0 8. 0-0 b6 9. Be3 Bb7 10. Ne5 Nbd7 11. Rc1 Nxe5 12. dxe5 Nd7 13. cxd5 exd5 14. f4 Bc5 15. Bxc5 Nxc5 16. Nb5 Ba6 17. Nd6 Bxe2 18. Qxe2 Rb8 19. Rcd1 Nb7 20. Rxd5 Nxd6 21. Qd3 Qe7 22. Rxd6 Rfd8 23. Rd1 Rxd6 24. exd6 Qd7 25. Qd5 1-0

[Event "ZN-2011-0-01523"]
[Site "LSS email"]
[Date "2011.05.27"]
[Round "?"]
[White "Zakaria, Ahmed Ashraf"]
[Black "O'Brien, Glenn"]
[Result "1-0"]
[WhiteElo "1163"]
[BlackElo "1052"]
[PlyCount "121"]
[EventDate "2011.05.25"]
[EventType "match (corr)"]
[EventRounds "2"]
[EventCountry "GER"]
[SourceTitle "Telechess CBM 147"]
[Source "ChessBase"]
[SourceDate "2012.03.16"]
[SourceVersion "1"]
[SourceVersionDate "2012.03.16"]
[SourceQuality "1"]

1. d4 Nf6 2. c4 e6 3. Nc3 Bb4 4. a3 Bxc3+ 5. bxc3 c5 6. e3 Nc6 7. Nf3 0-0 8. Bd3 d6 9. 0-0 e5 10. Qc2 Re8 11. Be2 Bg4 12. h3 Bxf3 13. Bxf3 cxd4 14. cxd4 exd4 15. Bxc6 bxc6 16. exd4 Ne4 17. Re1 d5 18. Bf4 Qh4 19. Be3 Rab8 20. f3 Nf6 21. Bf2 Qf4 22. cxd5 cxd5 23. Rxe8+ Rxe8 24. Rb1 Qd6 25. Qc5 Qe7 26. Qxe7 Rxe7 27. Rb8+ Re8 28. Rb7 a6 29. Ra7 Nh5 30. g3 Nf6 31. a4 a5 32. Rxa5 Rc8 33. Rc5 Rb8 34. g4 Rb1+ 35. Kg2 h6 36. a5 Ra1 37. Bh4 Ra2+ 38. Kg1 g5 39. Bg3 Ra1+ 40. Kf2 Ra2+ 41. Ke1 Ra3 42. Bd6 Ra1+ 43. Kd2 Nh7 44. Rxd5 Nf8 45. Bxf8 Kxf8 46. Kc3 Kg7 47. Kb4 f6 48. Kb5 Rb1+ 49. Kc6 Ra1 50. Kb6 Rb1+ 51. Rb5 Re1 52. a6 Re6+ 53. Ka5 Re8 54. a7 Ra8 55. Ka6 Rd8 56. d5 h5 57. gxh5 Kh6 58. Rb8 Rd6+ 59. Kb7 Rd7+ 60. Kb6 Rd6+ 61. Kc7 1-0

[Event "SN-2011-0-00334"]
[Site "LSS email"]
[Date "2011.04.22"]
[Round "?"]
[White "Mori, Roberto"]
[Black "Zakaria, Ahmed Ashraf"]
[Result "0-1"]
[WhiteElo "616"]
[BlackElo "1107"]
[PlyCount "64"]
[EventDate "2011.04.05"]
[EventType "tourn (corr)"]
[EventRounds "6"]
[EventCountry "GER"]
[SourceTitle "Telechess CBM 147"]
[Source "ChessBase"]
[SourceDate "2012.03.16"]
[SourceVersion "1"]
[SourceVersionDate "2012.03.16"]
[SourceQuality "1"]

1. e4 e5 2. Nf3 Nc6 3. d4 exd4 4. Nxd4 d6 5. c3 Nf6 6. Nd2 Be7 7. Bb5 Bd7 8. h3 0-0 9. 0-0 a6 10. Ba4 b5 11. Bb3 Ne5 12. Bc2 Re8 13. Bb3 c5 14. Nf5 Bf8 15. Ng3 Bc6 16. Re1 Nd3 17. Re2 Nxc1 18. Qxc1 Ra7 19. Qc2 c4 20. Nxc4 bxc4 21. Bxc4 Qa8 22. Qb3 Nxe4 23. Rd1 Nxg3 24. Rxe8 Qxe8 25. Kh2 Ne4 26. Kg1 d5 27. Bxd5 Ba4 28. Bxf7+ Rxf7 29. Qd5 Bxd1 30. Qxd1 Bc5 31. Kf1 Rxf2+ 32. Kg1 Rd2+ 0-1

[Event "SN-2011-0-00334"]
[Site "LSS email"]
[Date "2011.04.22"]
[Round "?"]
[White "Vontina, Maria"]
[Black "Zakaria, Ahmed Ashraf"]
[Result "0-1"]
[WhiteElo "758"]
[BlackElo "1107"]
[PlyCount "70"]
[EventDate "2011.04.05"]
[EventType "tourn (corr)"]
[EventRounds "6"]
[EventCountry "GER"]
[SourceTitle "Telechess CBM 147"]
[Source "ChessBase"]
[SourceDate "2012.03.16"]
[SourceVersion "1"]
[SourceVersionDate "2012.03.16"]
[SourceQuality "1"]

1. e4 e5 2. Nf3 Nc6 3. Bb5 a6 4. Ba4 Nf6 5. 0-0 b5 6. Bb3 Be7 7. Re1 d6 8. h3 0-0 9. c3 Na5 10. Bc2 c5 11. d4 Qc7 12. Nbd2 Nc6 13. Nf1 cxd4 14. cxd4 Nxd4 15. Nxd4 exd4 16. Bd3 Bb7 17. Ng3 g6 18. Bd2 Nd7 19. Rc1 Qb6 20. f3 Ne5 21. Qe2 Bh4 22. Kh2 d5 23. exd5 Rfe8 24. Qf1 Nxd3 25. Qxd3 Qd6 26. Rxe8+ Rxe8 27. f4 Qxd5 28. Rg1 h5 29. b3 Bf6 30. Ne2 Bh4 31. Ng3 Bc6 32. a3 Bf6 33. Kh1 Qd7 34. Kh2 h4 35. Ne2 Be4 0-1